Normal view
MARC view
Entry Topical Term
001 - CONTROL NUMBER
- control field: 12878
003 - CONTROL NUMBER IDENTIFIER
- control field: OSt
005 - DATE AND TIME OF LATEST TRANSACTION
- control field: 20240520221856.0
008 - FIXED-LENGTH DATA ELEMENTS
- fixed length control field: 240520|| aca||aabn | a|a d
040 ## - CATALOGING SOURCE
- Original cataloging agency: OSt
- Transcribing agency: OSt
150 ## - HEADING--TOPICAL TERM
- Topical term or geographic name entry element: Mechanics Physics
670 ## - SOURCE DATA FOUND
- Source citation: Work cat.: (OSt): Domasian, Amador Jr. B., author. 12877, Development of a mobile application in Mechanics Physics tutorial /, 2016.
